<?xml version="1.0" encoding="UTF-8"?><?xml-stylesheet type="text/xsl" href="static/style.xsl"?><OAI-PMH xmlns="http://www.openarchives.org/OAI/2.0/" xmlns:xsi="http://www.w3.org/2001/XMLSchema-instance" xsi:schemaLocation="http://www.openarchives.org/OAI/2.0/ http://www.openarchives.org/OAI/2.0/OAI-PMH.xsd"><responseDate>2026-04-13T08:15:17Z</responseDate><request verb="GetRecord" identifier="oai:www.recercat.cat:10230/36564" metadataPrefix="marc">https://recercat.cat/oai/request</request><GetRecord><record><header><identifier>oai:recercat.cat:10230/36564</identifier><datestamp>2025-12-22T20:19:03Z</datestamp><setSpec>com_2072_6</setSpec><setSpec>col_2072_452954</setSpec></header><metadata><record xmlns="http://www.loc.gov/MARC21/slim" xmlns:dcterms="http://purl.org/dc/terms/" xmlns:xsi="http://www.w3.org/2001/XMLSchema-instance" xmlns:doc="http://www.lyncode.com/xoai" xsi:schemaLocation="http://www.loc.gov/MARC21/slim http://www.loc.gov/standards/marcxml/schema/MARC21slim.xsd">
   <leader>00925njm 22002777a 4500</leader>
   <datafield ind2=" " ind1=" " tag="042">
      <subfield code="a">dc</subfield>
   </datafield>
   <datafield ind2=" " ind1=" " tag="720">
      <subfield code="a">Lozano i Mayor, Elisabet</subfield>
      <subfield code="e">author</subfield>
   </datafield>
   <datafield ind2=" " ind1=" " tag="260">
      <subfield code="c">2019-02-12T15:54:53Z</subfield>
   </datafield>
   <datafield ind2=" " ind1=" " tag="260">
      <subfield code="c">2019-02-12T15:54:53Z</subfield>
   </datafield>
   <datafield ind2=" " ind1=" " tag="260">
      <subfield code="c">2017</subfield>
   </datafield>
   <datafield ind2=" " ind1=" " tag="520">
      <subfield code="a">Treball de Fi de Grau en Relacions Laborals. Curs 2016-2017</subfield>
   </datafield>
   <datafield ind2=" " ind1=" " tag="520">
      <subfield code="a">Tutor: Pere Notó i Brulles</subfield>
   </datafield>
   <datafield ind2=" " ind1=" " tag="520">
      <subfield code="a">La crisi que es va iniciar l&amp;apos;any 2008 ha tingut una gran quantitat de conseqüències. L&amp;apos;objectiu d&amp;apos;aquest treball és l&amp;apos;anàlisi d&amp;apos;un dels efectes més important d&amp;apos;aquesta crisi: l&amp;apos;atur. Aquest fenomen s&amp;apos;ha anat convertint amb el temps en un problema econòmic, polític i social.&#xd;
Per tal d&amp;apos;estudiar l&amp;apos;atur, primerament analitzo el paper que juga el treball en la vida de les persones, la importància del fenomen i les diferents fases per les que passa una persona aturada. També parlaré dels diferents factors que poden fer que les conseqüències afectin en major o menor mesura a les persones afectades.&#xd;
Per últim, realitzo algunes entrevistes a persones que han estat a l&amp;apos;atur durant períodes de temps diferents per tal d&amp;apos;analitzar els efectes que l&amp;apos;atur ha tingut sobre elles.</subfield>
   </datafield>
   <datafield tag="653" ind2=" " ind1=" ">
      <subfield code="a">Treball de fi de grau – Curs 2016-2017</subfield>
   </datafield>
   <datafield ind2="0" ind1="0" tag="245">
      <subfield code="a">Conseqüències psicològiques derivades de l&amp;apos;atur</subfield>
   </datafield>
</record></metadata></record></GetRecord></OAI-PMH>